Países con más títulos internacionales en futbol - Estadísticas

Estadísticas generales
  • Esta prueba ha sido intentada 119 veces
  • La puntuación promedio es 11 de 14
Estadísticas de respuestas
N° de titulos País % Correcto
23 Argentina
100%
20 Brasil
100%
6 España
99%
8 Francia
96%
6 Italia
96%
8 Alemania
95%
15 Mexico
92%
19 Uruguay
91%
10 Estados unidos
90%
7 Japón
86%
7 Egipto
62%
6 Camerún
48%
6 Nueva Zelanda
36%
10 Costa rica
16%
No se encontraron pruebas coincidentes
Distribución de puntuación
Porcentaje de gente con cada puntuación
Porcentaje por número respondido
Historial de tus puntuaciones
No has intentado esta prueba.